| Поле | Название | Значение |
| |
Тип записи |
a |
| |
Библиографический уровень |
m |
| 001 |
Контрольный номер |
SKBR/a8dfc333-02ee-4d69-82cb-b52c43e14bb1 |
| 005 |
Дата корректировки |
20260529145958.9 |
| 010 |
Индекс ISBN |
__ |
| a |
ISBN |
978-5-9765-1978-7 |
| 9 |
Тираж |
150 экз. |
| 035 |
Другие системные номера |
__ |
| a |
Идентификатор записи |
RU/Тюменская ОНБ/EKC/81/К 49-109073844 |
| 100 |
Данные общей обработки |
__ |
| a |
Данные общей обработки |
20260529d2024 m y0rusy028902 ca |
| 101 |
Язык документа |
0_ |
| a |
Язык текста |
rus |
| 102 |
Страна публикации |
__ |
| a |
Страна публикации |
RU |
| 105 |
Кодированные данные (монография) |
__ |
| a |
Кодированные данные (монография) |
y e 000yy |
| 181 |
Поле кодированных данных: вид содержания |
_0 |
| a |
Код вида содержания (ISBD) |
i |
| 182 |
Поле кодированных данных: тип средства |
_0 |
| a |
Код типа средства (ISBD) |
n |
| 200 |
Заглавие и сведения об ответственности |
1_ |
| a |
Заглавие |
Толковый словарь устойчивых словосочетаний современного русского языка |
| f |
Первые сведения об ответственности |
Г. И. Климовская |
| 203 |
Вид содержания и тип средства |
__ |
| a |
Вид содержания |
Текст |
| c |
Тип средства |
непосредственный |
| 205 |
Сведения об издании |
__ |
| a |
Основные сведения об издании |
7-е издание, стереотипное |
| 210 |
Выходные данные |
1_ |
| a |
Место издания |
Москва |
| c |
Издательство |
Флинта |
| d |
Дата издания |
2024 |
| 215 |
Физическое описание |
__ |
| a |
Объем |
149 с. |
| d |
Формат |
21 см |
| 330 |
Аннотация |
__ |
| a |
Аннотация |
В русском, как и во всяком другом, литературном языке много устойчивых словосочетаний, при образовании которых их создателем был применен прием переноса значений. При использовании этих словосочетаний в других контекстах они утрачивают первоначальную мотивированность значения, становятся не очень и не всегда понятными носителю языка и требуют специального толкования. Эту задачу по мере сил решает составитель данного словаря. Для всех интересующихся современным русским языком. |
| 606 |
Тематические рубрики |
__ |
| a |
Основная рубрика |
Русский язык |
| 2 |
Код системы |
nlr_sh |
| 606 |
Тематические рубрики |
__ |
| 2 |
Код системы |
nlr_sh |
| a |
Основная рубрика |
Языкознание |
| 610 |
Ключевые слова |
0_ |
| a |
Ключевые слова |
русский язык |
| 610 |
Ключевые слова |
0_ |
| a |
Ключевые слова |
устойчивые выражения |
| 610 |
Ключевые слова |
0_ |
| a |
Ключевые слова |
устойчивые словосочетания |
| 610 |
Ключевые слова |
0_ |
| a |
Ключевые слова |
синлексы |
| 610 |
Ключевые слова |
0_ |
| a |
Ключевые слова |
беллетризмы |
| 610 |
Ключевые слова |
0_ |
| a |
Ключевые слова |
толковые словари |
| 686 |
Индексы других классификаций |
__ |
| 2 |
Код системы |
rubbks |
| a |
Классификационный индекс |
81.411.2-4 |
| 700 |
Автор |
_1 |
| a |
Фамилия |
Климовская |
| b |
Имя |
Г. И. |
| g |
Полное личное имя |
Галина Ивановна |
| 4 |
Код отношения |
070 |
| f |
Даты |
1933- |
| 801 |
Источник записи |
_2 |
| b |
Организация |
Тюменская ОНБ |
| a |
Страна |
RU |
| c |
Дата составления |
20190305 |
| g |
Правила каталогизации |
PSBO |
| 801 |
Источник записи |
_1 |
| b |
Организация |
Тюменская ОНБ |
| a |
Страна |
RU |
| c |
Дата составления |
20230420 |
| g |
Правила каталогизации |
PSBO |
| 852 |
Данные о местонахождении |
__ |
| i |
Авторский знак |
К 49 |
| j |
Шифр хранения |
81.411.2-4 |
| 901 |
Тип документа |
__ |
| a |
Ответственный |
КиК/Обаева |
| t |
Тип документа |
m |
| 901 |
Тип документа |
__ |
| a |
Ответственный |
без партии |
| 903 |
Характеристики (МАРС) |
__ |
| a |
Дата передачи |
20260529 |
| c |
Наименование библиотеки (МАРС) |
Муниципальное бюджетное учреждение культуры "Централизованная библиотечная система" г. Сургут (Центральная городская библиотека им. А. С. Пушкина) |
| 969 |
Тип издания |
__ |
| a |
Тип издания |
Ф 26 |
| a |
Тип издания |
словарь |